LEADER 00798nam0-22003011i-450- 001 990003244300403321 005 20001010 035 $a000324430 035 $aFED01000324430 035 $a(Aleph)000324430FED01 035 $a000324430 100 $a20000920d1899----km-y0itay50------ba 101 0 $aita 105 $ay-------001yy 200 1 $aANNUARIO 1899$eGuida Itinerario dell'Italia 210 $aMilano$cBernadoni$d1899 215 $app.164 610 0 $aGuide Italiane,Geografia Turistica 676 $a046.003 710 02$aTouring club ciclistico italiano$0376443 801 0$aIT$bUNINA$gRICA$2UNIMARC 901 $aBK 912 $a990003244300403321 952 $a046.003.TCI$b5451a$fDECGE 959 $aDECGE 996 $aANNUARIO 1899$9450083 997 $aUNINA DB $aING01 LEADER 00849nam a2200229 i 4500 001 991003332539707536 008 170217s1960 us a 000 0 eng d 035 $ab14317400-39ule_inst 040 $aDip. di Studi Umanistici$bita 082 0 $a938 100 1 $aSmith, Morton$0157489 245 14$aThe ancient Greeks /$cMorton Smith 264 1$aIthaca, N.Y. :$bCornell University Press,$c1960 300 $a144 p. :$bill. ;$c22 cm 504 $aBibliografia: p. 135-137. Indice 651 4$aGrecia antica$xStoria 907 $a.b14317400$b17-02-17$c17-02-17 912 $a991003332539707536 945 $aLE007 Sala C 938 SMI 01.01$g1$i2007000279069$lle007$nLE007 2017 Pregresso$o-$pE0.00$q-$rl$s- $t0$u0$v0$w0$x0$y.i15797533$z17-02-17 996 $aAncient Greeks$91395565 997 $aUNISALENTO 998 $ale007$b17-02-17$cm$da $e-$feng$gus $h4$i0 LEADER 01124nam a2200325 i 4500 001 991000814769707536 005 20020506124608.0 008 960712s1993 us ||| | eng 020 $a0387940073 035 $ab10133434-39ule_inst 035 $aLE00637294$9ExL 040 $aDip.to Fisica$bita 084 $a510.20 084 $a510.22 084 $a510.35 084 $aQA372.055 100 1 $aOlver, Peter J.$040590 245 10$aApplications of Lie groups to differential equations /$cPeter J. Olver 250 $a2nd ed 260 $aNew York :$bSpringer-Verlag,$c1993 300 $axxviii, 513 p. ;$c23 cm. 490 0 $aGraduate texts in mathematics ;$v107 500 $aIncludes bibliographical references and index. 650 4$aDifferential equations 907 $a.b10133434$b17-02-17$c27-06-02 912 $a991000814769707536 945 $aLE006 510.20 OLV$g1$i2006000063142$lle006$o-$pE0.00$q-$rl$s- $t0$u10$v1$w10$x0$y.i10156914$z27-06-02 996 $aApplications of Lie groups to differential equations$9185944 997 $aUNISALENTO 998 $ale006$b01-01-96$cm$da $e-$feng$gus $h0$i1 LEADER 06298nam 2200673 a 450 001 9910781527203321 005 20231004222841.0 010 $a1-283-35836-0 010 $a9786613358363 010 $a90-272-7574-2 035 $a(CKB)2550000000074675 035 $a(EBL)811290 035 $a(OCoLC)778617820 035 $a(SSID)ssj0000554751 035 $a(PQKBManifestationID)11359212 035 $a(PQKBTitleCode)TC0000554751 035 $a(PQKBWorkID)10517022 035 $a(PQKB)10293028 035 $a(MiAaPQ)EBC811290 035 $a(Au-PeEL)EBL811290 035 $a(CaPaEBR)ebr10518069 035 $a(CaONFJC)MIL335836 035 $a(EXLCZ)992550000000074675 100 $a19971007d1997 uy 0 101 0 $aeng 135 $aur|n|---||||| 181 $ctxt$2rdacontent 182 $cc$2rdamedia 183 $acr$2rdacarrier 200 00$aFocus on Ireland /$fedited by Jeffrey Kallen 210 1$aAmsterdam ;$aPhiladelphia :$cJ. Benjamins Pub. Co.,$d1997. 215 $a1 online resource (278 pages) 225 1 $aVarieties of English around the world. General series,$x0172-7362 ;$vv. 21 311 0 $a90-272-4879-6 311 0 $a1-55619-718-7 320 $aIncludes bibliographical references and index. 327 $aFOCUS ON IRELAND; Editorial page; Title page; Copyright page; Table of contents; Preface; REFERENCES; Abbreviations; Maps; REFERENCES; Irish English Context and Contacts; 1. The study of Irish English; 1.1. Irish English and language contact; 1.2. Further development in the study of Irish English; 2. The spread of Irish English; 2.1. The introduction of English in Ireland; 2.2. Bilingualism, diglossia, and the spread of English; 2.3. The status of Irish English; 3. Irish English and linguistic variation; REFERENCES; Bilingualism and Substrate InfluenceA Look at Clefts and Reflexives 327 $a1. Introduction; 2. Cleft sentences; 3. Reflexives; 4. Summary; 5. Discussion; Acknowledgements; NOTES; REFERENCES; The Influence of Irish on Perfect Marking in Hiberno-English The Case of the ""Extended-now"" Perfect; 1. Introduction1; 2. Hiberno-English perfects; 3.Meanings and uses of the extended-now perfect in HE dialects; 4. The origins of the EP; 4.1. Superstratum vs. substratum accounts; 4.2. The case for the Irish substratum reconsidered; 5. Conclusion; NOTES; REFERENCES; The Emerging Irish Phonological Substratum in Irish English; 1. Language contact 327 $a2. The distribution of the Irish dialects; 3. Emerging cross-linguistic links; 4. The palatalization/velarization contrast; 4.1. The labial consonants; 4.2. The velar consonants; 4.2.1 Velar stops preceding the diphthong /ai/; 5. The alveolar/dental consonants; 6. The sonorants; 6.1. R-types; 7. Length and the vocalic system; 7.1. Length distinctions; 7.2. The raising of mid vowels; 8. Conclusion; REFERENCES; The Syntax Of Belfast English; 1. Introduction; 2. Standard Belfast English; 2.1. Inversion in embedded questions; 2.2. Inverted imperatives; 2.3. Subject contact relatives 327 $a3. Local forms which are not strongly stigmatized; 3.1. Singular concord; 3.2. The historic present; 3.3. For-to infinitives; 3.4. Topic structures; 4. Stigmatized structures; 4.1. Non-standard past tenses and past participles; 4.2. Demonstratives; 4.3. Negative concord; 5. Stability and change; NOTES; REFERENCES; Aspects of Prosody in Hiberno-English; The Case of Belfast; 1. Defining prosody and overcoming notions of standardness; 2. The neglect of prosody and the need for an analytic framework; 3. Intonation and the Anglo-Irish bias: The consequences 327 $a4. Background to Belfast and northern Hiberno-English intonation; 4.1. Rises as a relic of Irish English?; 5. Intonation in British English and Hiberno-English: Establishing units; 6. A model for analysing Belfast English intonation; 6.1. Intonational divisions in Belfast English; 6.2. Acoustic correlates of prominence in Belfast intonation: primacy of obtrusion; 6.3. Pitch movement; 6.4. The phonetic basis for identifying more than one prominence per tone sequence; 7. Tonal characteristics of prominences in Belfast intonation; 8. Non-prominent components of the tone sequence; 8.1. Leading segment types 330 $aIrish English is both the oldest overseas variety of English and, thanks to its co-existence with Irish Gaelic, one of the longest-documented examples of a contact-influenced language variety. The dual aspects of substratal influence and dialectal conservatism, together with the spread of this variety in the Irish diaspora and its use in literature, provide the main impetus for research into Irish English. This volume brings together 12 original papers which use a variety of methods to examine these aspects of English in Ireland. Following a historical introduction which looks critically at received views of language diffusion in Ireland, three papers directly address the role of the Irish-language substrate in Irish English. Detailed studies also describe non-standard syntax in Belfast, systems of dental and alveolar phonemic contrast, contemporary sound change in Galway, Irish English prosody, dialect wordlists, and the uses of Irish English, notably Ulster Scots, in contemporary literature. The North American perspective investigates the role of Irish English in Newfoundland, and examines a corpus of 18th-century documents which reflects the language brought to the United States in the early development of American English. The range of approaches and data included make this book relevant to all those interested in language contact, diffusion, change, and variation. 410 0$aVarieties of English around the world.$pGeneral series ;$v21. 606 $aEnglish language$zIreland$xHistory 606 $aEnglish language$xVariation$zIreland 606 $aEnglish language$xDialects$zIreland 607 $aIreland$xLanguages 615 0$aEnglish language$xHistory. 615 0$aEnglish language$xVariation 615 0$aEnglish language$xDialects 676 $a427/.9417 701 $aKallen$b Jeffrey L$01559858 801 0$bMiAaPQ 801 1$bMiAaPQ 801 2$bMiAaPQ 906 $aBOOK 912 $a9910781527203321 996 $aFocus on Ireland$93825401 997 $aUNINA